|
|
|
|
| LEADER |
01055nam a2200337 4500 |
| 001 |
000009772 |
| 003 |
5970 |
| 005 |
20120525090523.0 |
| 008 |
111102s1975 viesd |
| 020 |
|
|
|c 110đ
|
| 041 |
0 |
|
|a vie
|
| 082 |
|
|
|a 895.9223
|b NG-Q
|
| 100 |
0 |
|
|a Nguyễn Ái Quốc
|e Tác giả
|
| 245 |
|
0 |
|a Truyện và Ký
|c Nguyễn Ái Quốc; Phạm Huy Thông(Dịch)
|
| 260 |
|
|
|a H.
|b Văn học giải phóng
|c 1975
|
| 300 |
|
|
|a 85 tr.
|c 19 cm
|
| 653 |
|
|
|a Truyện
|
| 653 |
|
|
|a Ký
|
| 653 |
|
|
|a Hồ Chí Minh
|
| 700 |
|
|
|a Phạm Huy Thông
|e Dịch
|
| 910 |
|
|
|a duyên
|
| OWN |
|
|
|a LSP
|
| AVA |
|
|
|a UDN50
|b LSP
|d 895.9223 NG-Q
|e available
|t Error 5001 Not defined in file expand_doc_bib_avail.
|f 6
|g 4
|h N
|i 0
|k 1
|
| 999 |
|
|
|a From the UDN01
|
| AVA |
|
|
|a UDN50
|b LSP
|d 895.9223 NG-Q
|e available
|t Error 5001 Not defined in file expand_doc_bib_avail.
|f 6
|g 4
|h N
|i 0
|k 1
|
| TYP |
|
|
|a Monograph
|
| TYP |
|
|
|a Printed language
|
| 980 |
|
|
|a Mạng thư viện Đại học Đà Nẵng
|